000 00633nam a2200217Ia 4500
008 220501s2013 xx 000 0 eng d
020 _a9789353503260
082 _a658.4031
_bZIK-B
100 _aZikmund, William G.
245 0 _aBusiness research methods /
_cWilliam G. Zikmund ... [et al.]
250 _a9th ed.
260 _aAndover :
_bCengage Learning
_c2013.
300 _axxiv, 664 p. ;
650 _aBusiness - Research
650 _aBusiness - Research - Methodology
650 _aManagement - Research
700 _aBabin, Barry J.
700 _aCarr, Jon C.
700 _aGriffin, Mitch
942 _2ddc
_cBK
_049
999 _c19573
_d19573